LEADER 00640nam0 2200217 450 001 000006021 005 20051104133905.0 100 $a20051104d1999----km-y0itay50------ba 101 0 $aita 102 $aIT 200 1 $aProprietà funzionalizzata$fSalvatore Aceto di Capriglia 210 $aNapoli$cEdisud$d1999 215 $a406 p.$d24 cm 610 1 $aLocazione$aLegislazione 676 $a346.450434 700 1$aAceto di Capriglia,$bSalvatore$0282019 801 0$aIT$bUNIPARTHENOPE$c20051104$gRICA$2UNIMARC 912 $a000006021 951 $a346-P/9$b37853$cNAVA1$d2005 996 $aProprietà funzionalizzata$91205282 997 $aUNIPARTHENOPE